Documento firmado por el [Rey Carlos III] (Record no. 4675)
[ view plain ]
| 000 -CABECERA | |
|---|---|
| campo de control de longitud fija | 01348nam a2200289 a 4500 |
| 001 - NÚMERO DE CONTROL | |
| campo de control | BRCA_4981 |
| 005 - FECHA Y HORA DE LA ÚLTIMA TRANSACCIÓN | |
| campo de control | 20190320204903.0 |
| 008 - DATOS DE LONGITUD FIJA--INFORMACIÓN GENERAL | |
| campo de control de longitud fija | 271010s1786----sp-######v---#000-0#spa-# |
| 041 ## - CÓDIGO DE LENGUA | |
| Código de lengua del texto/banda sonora o título independiente | spa |
| 044 ## - CÓDIGO DEL PAÍS DE LA ENTIDAD EDITORA/PRODUCTORA | |
| Código MARC del país | sp |
| 084 ## - OTRO NÚMERO DE CLASIFICACIÓN | |
| Número de clasificación | DOC58 |
| Número de documento/Ítem | .D63 |
| -- | 1786 |
| 245 10 - MENCIÓN DE TÍTULO | |
| Título | Documento firmado por el [Rey Carlos III] |
| Mención de responsabilidad, etc. | Carlos III. |
| 260 ## - PUBLICACIÓN, DISTRIBUCIÓN, ETC. | |
| Lugar de publicación, distribución, etc. | San Lorenzo, Madrid |
| Fecha de publicación, distribución, etc. | 1786 |
| 300 ## - DESCRIPCIÓN FÍSICA | |
| Extensión | [3] fojas |
| Dimensiones | 30 x 21 cm |
| 500 ## - NOTA GENERAL | |
| Nota general | Documento firmado el 27 de noviembre de 1786 |
| 500 ## - NOTA GENERAL | |
| Nota general | Cédula que remite a todas las autoridades de sus dominios para que observe en las indias lo últimamente resuelto sobre el modo y tratamiento con que debe escribirse la correspondencia de oficio (se suprime al Señor Muy Señor Mio y el B. M. en la antefirma sustituyendolo por Excelentísimo) |
| 500 ## - NOTA GENERAL | |
| Nota general | [Real cédula] firmada como ´Yo el Rey´ |
| 500 ## - NOTA GENERAL | |
| Nota general | El documento contiene la leyenda DOC. #68 |
| 500 ## - NOTA GENERAL | |
| Nota general | Papel con marca de agua |
| 506 0# - NOTA DE RESTRICCIONES AL ACCESO | |
| Limitaciones de acceso | Fondo reservado: para su consulta es necesario credencial de usuario y carta de motivos |
| 546 ## - NOTA DE LENGUA/LENGUAJE | |
| Nota de lengua/lenguaje | Texto en: español de finales del siglo XVIII |
| 600 14 - PUNTO DE ACCESO ADICIONAL DE MATERIA--NOMBRE DE PERSONA | |
| Nombre de persona | Carlos |
| Numeración | III |
| Títulos y otros términos asociados al nombre | Rey de España |
| Fechas asociadas al nombre | 1716-1788 |
| 9 (RLIN) | 4628 |
| 651 #4 - PUNTO DE ACCESO ADICIONAL DE MATERIA--NOMBRE GEOGRÁFICO | |
| Nombre geográfico | España |
| Subdivisión de forma | Impreso con rúbrica |
| Subdivisión general | Historia |
| Subdivisión cronológica | Casa de Borbón, 1700 |
| 9 (RLIN) | 12683 |
| 651 #4 - PUNTO DE ACCESO ADICIONAL DE MATERIA--NOMBRE GEOGRÁFICO | |
| Nombre geográfico | México |
| Subdivisión de forma | Impreso con rúbrica |
| Subdivisión general | Historia |
| Subdivisión cronológica | Colonia, 1521-1821 |
| 9 (RLIN) | 12684 |
| 902 ## - CATALOGADOR | |
| Iniciales | FDH |
| 942 ## - ELEMENTOS DE PUNTO DE ACCESO ADICIONAL (KOHA) | |
| Fuente del sistema de clasificación o colocación | Library of Congress Classification |
| Tipo de ítem Koha | Documentos |
| Estado de retiro | Estado de pérdida | Estado dañado | No para préstamo | Localización permanente | Ubicación/localización actual | Fecha de adquisición | Total de préstamos | Signatura topográfica completa | Código de barras | Fecha visto por última vez | Precio válido a partir de | Tipo de ítem Koha |
|---|---|---|---|---|---|---|---|---|---|---|---|---|
| El ejemplar forma parte de la colección y puede ser consultado según las políticas vigentes. | Biblioteca del Museo Franz Mayer (Rogerio Casas-Alatriste) | Biblioteca del Museo Franz Mayer (Rogerio Casas-Alatriste) | 27/10/2010 | DOC58 .D63 1786 | 5062 | 22/03/2019 | 22/03/2019 | Documentos |